000 00853cam a2200325 4500500
005 20260329004050.0
041 _afre
042 _adc
100 1 0 _aTenaillon, Nicolas
_eauthor
245 0 0 _aPourquoi faisons-nous du camping ?
260 _c2018.
500 _a53
690 _aBourdieu
690 _aCamping
690 _aConvivialité
690 _aDewey
690 _aété
690 _aGerald Allan Cohen
690 _aHabitat
690 _aNature
690 _aPopulaire
690 _aSardine
690 _aSociabilité
690 _aTente
690 _aThoreau
690 _aVacances
690 _aVivre ensemble
786 0 _nPhilosophie magazine | 120 | 6 | 2018-06-01 | p. 38-38 | 1951-1787
856 4 1 _uhttps://shs.cairn.info/magazine-philosophie-magazine-2018-6-page-38?lang=fr&redirect-ssocas=7080
999 _c1830292
_d1830292